[Event "Olympiad Women 2024"]
[Site "Budapest HUN"]
[Date "2024.09.12"]
[Round "2.21"]
[Board "2"]
[White "Verbin, Valentina"]
[Black "Hakimifard, Ghazal"]
[Result "1/2-1/2"]
[WhiteElo "2071"]
[BlackElo "2192"]
[PlyCount "77"]
[EventDate "2024.09.11"]
[WhiteTeam "Moldova"]
[BlackTeam "Switzerland"]
[WhiteTeamCountry "MDA"]
[BlackTeamCountry "SUI"]

1. d4 Nf6 2. c4 e6 3. g3 d5 4. Nf3 Bb4+ 5. Bd2 Be7 6. Bg2 c6 7. Qc2 Nbd7 8. O-O O-O 9. b3 Ne4 10. Nc3 Nxd2 ({RR} 10... f5 11. e3 Nxd2 12. Qxd2 b6 13. Rfc1 Bb7 14. Rc2 Rc8 15. h4 h6 16. Ne2 g5 17. hxg5 hxg5 18. cxd5 cxd5 19. Rac1 Rxc2 20. Rxc2 Qb8 21. Nc1 Rc8 22. Nd3 Rxc2 23. Qxc2 Qc8 24. Qd2 Ba6 25. Nfe5 {½-½ Badelka,O (2386)-Pogonina,N (2402) TCh-RUS Women 2024 (5.2)}) 11. Nxd2 ({RR} 11. Qxd2 Bb4 12. a3 Ba5 13. b4 Bc7 14. c5 f5 15. b5 Nf6 16. Qc2 Ne4 17. a4 Bd7 18. Rab1 Be8 19. e3 Qf6 20. Ne2 g5 21. Nd2 Bg6 22. bxc6 bxc6 23. Nxe4 fxe4 24. Rb7 Rf7 25. a5 Bh5 {1-0 Adly,A (2599)-Aronian,L (2785) Wch Blitz Doha 2016 (8)}) 11... Bf6 $146 ({RR} 11... f5 12. e3 Nf6 13. f3 Bd7 14. e4 c5 15. e5 Ne8 16. cxd5 cxd4 17. Ne2 Bb5 18. Nc4 Qxd5 19. Nf4 Qd7 20. Rfd1 Rc8 21. Kh1 Bxc4 22. bxc4 Bc5 23. Nd3 b6 24. f4 Nc7 25. a4 a5 26. Rab1 {0-1 Chojnowski,M (2070)-Ocytko,A (2127) Suwalki Warakomska Memorial 1st 2017 (9)}) ({RR} 11... e5 12. cxd5 exd4 13. Na4 Ne5 14. dxc6 Nxc6 15. Rac1 Nb4 16. Qb1 Nd5 17. Qe4 Nc3 18. Nxc3 dxc3 19. Nb1 Bf6 20. Nxc3 g6 21. Nd5 Bg7 22. Rfd1 Be6 23. Nc7 Rc8 24. Rxd8 Rfxd8 25. h4 Bb2 26. Rc5 {1-0 Genutis,M (2285)-Viskelis,D (2272) LTU-chT Lithuania 2018 (2.4)}) 12. Nf3 Qa5 13. e4 e5 14. exd5 exd4 15. Ne4 cxd5 16. cxd5 Qxd5 17. Rfd1 d3 18. Nxf6+ Nxf6 19. Rxd3 Bf5 20. Rxd5 Bxc2 21. Rb5 Be4 22. Ne5 Bxg2 23. Kxg2 Rfe8 24. Nc4 b6 25. a4 Ne4 26. a5 Nc3 27. Rf5 bxa5 28. Rfxa5 Rab8 29. Rxa7 Rxb3 30. Re1 Rbb8 31. Rxe8+ Rxe8 32. Nd6 Rf8 33. Ra5 g6 34. Kf3 Rd8 35. Rc5 Rxd6 36. Rxc3 Kg7 37. g4 h6 38. h4 Rd5 39. Rc6 1/2-1/2

[Event "Olympiad Women 2024"]
[Site "Budapest HUN"]
[Date "2024.09.12"]
[Round "2.21"]
[Board "3"]
[White "Hryzlova, Sofiia"]
[Black "Mihailova, Alina"]
[Result "1-0"]
[WhiteElo "2188"]
[BlackElo "1969"]
[PlyCount "65"]
[EventDate "2024.09.11"]
[WhiteTeam "Switzerland"]
[BlackTeam "Moldova"]
[WhiteTeamCountry "SUI"]
[BlackTeamCountry "MDA"]

1. d4 d5 2. c4 e6 3. Nc3 Nf6 4. cxd5 exd5 5. Bg5 Be7 6. e3 O-O 7. Bd3 Re8 8. Nge2 c6 9. O-O h6 10. Bh4 a5 11. f3 ({RR} 11. Qc2 Na6 12. a3 Nc7 13. Rad1 Ne6 14. f3 b5 15. Kh1 Ba6 16. Bf2 Qb8 17. Ng3 b4 18. Nce2 Bxd3 19. Rxd3 c5 20. dxc5 Nxc5 21. Rdd1 bxa3 22. bxa3 Qb3 23. Qxb3 Nxb3 24. a4 Bb4 25. Nf4 Bd2 {1-0 Krush,I (2396)-Bensdorp,M (2241) Olympiad Women 2024 (4.5)}) 11... b5 12. Rc1 ({RR} 12. Kh1 Nbd7 13. Rc1 Nb6 14. b3 Bb7 15. Bf2 b4 16. Nb1 Bd6 17. Nd2 Bf8 18. e4 dxe4 19. fxe4 c5 20. Bh4 g5 21. Bf2 Nxe4 22. Nxe4 Bxe4 23. Bxe4 Rxe4 24. Ng3 Re6 25. dxc5 Nd5 26. Qf3 Rf6 {1-0 Mamedyarov,S (2738)-Eljanov,P (2705) ChessKid Cup Play-In 2023 (5.16)}) 12... Nbd7 $146 ({RR} 12... Ba6 13. Bf2 Nbd7 14. Ng3 b4 15. Nce2 Bxd3 16. Qxd3 c5 17. dxc5 Bxc5 18. b3 Qb6 19. Nf5 g6 20. Nfd4 Rac8 21. Kh1 Ne5 22. Qd2 Qa6 23. Bg1 Bxd4 24. Rxc8 Rxc8 25. exd4 Qd3 26. Qd1 Qxd1 27. Rxd1 {½-½ Ebrahimi Herab,H (2302)-Schekachikhin,M (2366) Istanbul Open 2023 (3.8)}) 13. Bf2 Nb6 14. Ng3 Bd7 15. Kh1 Rc8 16. e4 dxe4 17. fxe4 b4 18. Nce2 Ng4 19. Bg1 Bg5 20. Nf4 Nf6 21. Rc5 Ra8 22. Qf3 Rf8 23. Nf5 Na4 24. Rc2 Bxf5 25. exf5 Bxf4 26. Qxf4 Nd5 27. Qc1 Rc8 28. Be4 Qd7 29. f6 Qd6 30. fxg7 Kxg7 31. h3 Nab6 32. Bf5 Rce8 33. Rxc6 1-0

[Event "Olympiad Women 2024"]
[Site "Budapest HUN"]
[Date "2024.09.12"]
[Round "2.21"]
[Board "4"]
[White "Bargan, Victoria"]
[Black "Manko, Mariia"]
[Result "0-1"]
[WhiteElo "1941"]
[BlackElo "2159"]
[PlyCount "80"]
[EventDate "2024.09.11"]
[WhiteTeam "Moldova"]
[BlackTeam "Switzerland"]
[WhiteTeamCountry "MDA"]
[BlackTeamCountry "SUI"]

1. d4 Nf6 2. c4 e6 3. Nc3 d5 4. cxd5 exd5 5. Bg5 Bb4 6. e3 h6 7. Bxf6 Qxf6 8. Nf3 O-O 9. Qb3 c5 10. Be2 Nc6 11. O-O ({RR} 11. dxc5 d4 12. Nxd4 Nxd4 13. exd4 Qxd4 14. O-O Be6 15. Rfd1 Bxb3 16. Rxd4 Bxc5 17. Rd7 Be6 18. Rxb7 Rab8 19. Rb5 Rxb5 20. Bxb5 Rd8 21. b3 Bb4 22. Ne2 Rd2 23. Kf1 a5 24. f3 Ba3 25. Ke1 Rb2 {½-½ Gupta,A (2634)-Cheparinov,I (2684) Reykjavik op 2016 (6)}) 11... c4 ({RR} 11... Bxc3 12. Qxc3 c4 13. Ne5 Ne7 14. b3 cxb3 15. Qxb3 Qd6 16. Rfc1 a5 17. Rab1 Bf5 18. Bd3 Bxd3 19. Nxd3 Rfb8 20. Qb6 Qa3 21. Qc5 Qxd3 22. Qxe7 b5 23. h3 b4 24. Rb2 Qa3 25. Rc7 Rf8 26. Rbc2 {½-½ Poltorak,S (2391)-Injac,T (2424) Titled Tue 18th Jun Late 2024 (11)}) 12. Qc2 Bf5 13. Qa4 Rfd8 $146 ({RR} 13... Bxc3 14. bxc3 a6 15. a3 Qe7 16. Rfc1 Qc7 17. Nd2 Na5 18. Bf3 Rfd8 19. Ra2 b5 20. Qb4 Rab8 21. Re1 Bd3 22. Rb2 Nb7 23. Ra2 Na5 24. Rb2 Rbc8 25. Ra2 Nb3 26. e4 Nxd2 27. Rxd2 dxe4 28. Bxe4 {0-1 Chabot,J-Grondin,J (2250) Montreal Maitrise II 1997 (5)}) 14. a3 Bxc3 15. bxc3 a6 16. Ra2 b5 17. Qd1 a5 18. Qa1 Rab8 19. Nd2 Qg6 20. Bf3 b4 21. Re1 Bd3 22. axb4 axb4 23. Ra6 b3 24. Qb2 Ra8 25. Rea1 Rxa6 26. Rxa6 Qe6 27. Nb1 f5 28. g3 f4 29. e4 dxe4 30. Bh1 f3 31. Nd2 Kh7 32. h4 Qc8 33. Ra4 Nxd4 34. Nxc4 Ne2+ 35. Kh2 Bxc4 36. Bxf3 exf3 37. Qb1+ Kh8 38. Qe4 Ng1 39. g4 Qc7+ 40. Kh1 Nh3 0-1

[Event "Olympiad Women 2024"]
[Site "Budapest HUN"]
[Date "2024.09.12"]
[Round "2.22"]
[Board "1"]
[White "Noshin, Anjum"]
[Black "Bulmaga, Irina"]
[Result "1/2-1/2"]
[WhiteElo "2085"]
[BlackElo "2406"]
[PlyCount "110"]
[EventDate "2024.09.11"]
[WhiteTeam "Bangladesh"]
[BlackTeam "Romania"]
[WhiteTeamCountry "BAN"]
[BlackTeamCountry "ROU"]

1. e4 c5 2. Nf3 d6 3. d4 cxd4 4. Nxd4 Nf6 5. Nc3 a6 6. f3 e5 7. Nb3 Be6 8. Be3 Nbd7 9. g4 Nb6 10. g5 Nh5 11. Qd2 Be7 12. Nd5 Nxd5 13. exd5 Bf5 14. Rg1 O-O 15. O-O-O Rc8 16. Bd3 Bxd3 17. Qxd3 b5 18. Qd2 $146 ({RR} 18. Kb1 Rc4 19. Qd2 Ra4 20. Rg4 Qd7 21. Rxa4 bxa4 22. Na5 Re8 23. Nc6 Bf8 24. Qb4 e4 25. f4 g6 26. Rf1 Qh3 27. Qe1 Ng7 28. Nd4 Nf5 29. Nxf5 Qxf5 30. Qd2 Rb8 31. Rd1 Bg7 32. c3 Rb5 {½-½ Guennigmann,M (1945)-Kaphle,S (2147) Niedersachsen-ch M 2008 (2)}) 18... f5 19. gxf6 Rxf6 20. Qg2 Qc7 21. Rd2 Rg6 22. Qf1 Qc4 23. Kb1 Qxf1+ 24. Rxf1 Rf8 25. Na5 Bh4 26. a4 Rgf6 27. axb5 axb5 28. c4 bxc4 29. Nxc4 e4 30. f4 Bg5 31. Rd4 Nxf4 32. Rxe4 Nxd5 33. Rxf6 Nxf6 34. Rd4 Bxe3 35. Nxe3 Re8 36. Nd5 Ne4 37. b4 Kf7 38. Kb2 g5 39. b5 Nc5 40. b6 Re2+ 41. Kc3 Ke6 42. Nc7+ Kd7 43. h4 h6 44. hxg5 hxg5 45. Nb5 Re6 46. Rg4 Re5 47. Nd4 Ne4+ 48. Kb4 Nf6 49. b7 Re8 50. Rxg5 Kc7 51. Rg7+ Kb6 52. Rf7 Nd5+ 53. Kc4 Nc7 54. Rf6 Kxb7 55. Rxd6 Re5 1/2-1/2

[Event "Olympiad Women 2024"]
[Site "Budapest HUN"]
[Date "2024.09.12"]
[Round "2.22"]
[Board "2"]
[White "Voicu-Jagodzinsky, Carmen"]
[Black "Ahmed, Walijah"]
[Result "1-0"]
[WhiteElo "2271"]
[BlackElo "1936"]
[PlyCount "43"]
[EventDate "2024.09.11"]
[WhiteTeam "Romania"]
[BlackTeam "Bangladesh"]
[WhiteTeamCountry "ROU"]
[BlackTeamCountry "BAN"]

1. e4 c5 2. Nf3 e6 3. d4 cxd4 4. Nxd4 Nc6 5. Nc3 Qc7 6. Be3 a6 7. a3 b5 8. Nxc6 Qxc6 9. Bd3 Bb7 10. Qd2 ({RR} 10. f4 Bc5 11. Qe2 Rc8 12. g4 Ne7 13. f5 O-O 14. Rf1 f6 15. g5 exf5 16. Bxc5 Qxc5 17. gxf6 Rxf6 18. O-O-O f4 19. e5 f3 20. Qe1 Re6 21. Qh4 Ng6 22. Bxg6 Rxg6 23. Rxd7 Bc6 24. Rd8+ Rxd8 {1-0 Nepomniachtchi,I (2784)-Matlakov,M (2685) Titled Tuesday intern op 26th May blitz 2020 (10)}) 10... Rc8 11. O-O Nf6 12. Rae1 $146 ({RR} 12. Rfd1 b4 13. axb4 Bxb4 14. Bd4 Bc5 15. Bxc5 Qxc5 16. Bxa6 Bxa6 17. Rxa6 O-O 18. Qd4 d5 19. exd5 exd5 20. h3 h6 21. Qxc5 Rxc5 22. Rb6 Re8 23. f3 Rc4 24. Rd2 Re1+ 25. Kf2 Rc1 26. Ke3 Kh7 {0-1 Svane,F (2627)-Andreikin,D (2729) Titled Tue 16th Apr Early 2024 (9)}) ({RR} 12. f3 Qc7 13. Kh1 Bd6 14. f4 b4 15. axb4 Bxb4 16. e5 Bxc3 17. bxc3 Ne4 18. Bxe4 Bxe4 19. Rxa6 Qxc3 20. Rd6 Qxc2 21. Rxd7 Bxg2+ 22. Kg1 Qxd2 {0-1 Gavrilescu,D (2522)-Santos Latasa,J (2668) European Blitz 2022 (10.1)}) 12... Be7 13. f4 Ng4 14. Bd4 Bc5 15. Bxc5 Qxc5+ 16. Kh1 d6 17. Be2 Nf6 18. e5 dxe5 19. fxe5 Nd7 20. Rxf7 Rd8 21. Rxg7 Qxe5 22. Qh6 1-0

[Event "Olympiad Women 2024"]
[Site "Budapest HUN"]
[Date "2024.09.12"]
[Round "2.22"]
[Board "3"]
[White "Nusrat Jahan, Alo"]
[Black "Lehaci, Miruna-Daria"]
[Result "0-1"]
[WhiteElo "2033"]
[BlackElo "2180"]
[PlyCount "82"]
[EventDate "2024.09.11"]
[WhiteTeam "Bangladesh"]
[BlackTeam "Romania"]
[WhiteTeamCountry "BAN"]
[BlackTeamCountry "ROU"]

1. e4 c5 2. c3 Nf6 3. e5 Nd5 4. Nf3 e6 5. d4 cxd4 6. cxd4 Nc6 7. Bc4 Nb6 8. Bb5 ({RR} 8. Bd3) 8... a6 ({RR} 8... d6 9. Nc3 Be7 10. O-O O-O 11. Bf4 d5 12. Rc1 f6 13. Bg3 Bd7 14. Re1 f5 15. h3 Qe8 16. Bf4 Qh5 17. Ng5 Qxd1 18. Rexd1 h6 19. Nf3 g5 20. Bd2 Rac8 21. g3 Rc7 22. Bxc6 Rxc6 23. Kg2 {0-1 Fernandez Garcia,G (2172)-Broca Jimenez,F (2075) Titled Tue 18th Apr Late 2023 (6)}) 9. Be2 Be7 $146 ({RR} 9... d6 10. O-O Qc7 11. Bf4 Nd5 12. Bg3 Be7 13. Nbd2 O-O 14. Rc1 f5 15. exd6 Bxd6 16. Be5 Qd8 17. Nc4 Nxe5 18. Nfxe5 Be7 19. Bf3 Bg5 20. Rc2 Rf6 21. Re1 Rh6 22. Nd3 b6 23. Bxd5 exd5 24. Nce5 {1-0 Kislova,A-Medianikova,N URS-ch (Women) 33rd 1974}) 10. Nc3 d6 11. Be3 Nb4 12. O-O N4d5 13. Ne4 Nxe3 14. fxe3 d5 15. Ned2 Bd7 16. Qe1 Bb5 17. Bxb5+ axb5 18. Qe2 Nc4 19. a4 O-O 20. axb5 Nxb2 21. Nb3 Nc4 22. Rxa8 Qxa8 23. Ra1 Qe8 24. Nfd2 Qxb5 25. Rb1 Qa4 26. Ra1 Qb4 27. Rb1 Bg5 28. Nxc4 Qxc4 29. Kf2 Qc7 30. Nc5 b6 31. Na4 f6 32. Kg1 fxe5 33. h3 Qc6 34. Nb2 exd4 35. exd4 Bf6 36. Qe3 Qc2 37. Qxe6+ Kh8 38. Re1 Qxb2 39. Qf7 Qb4 40. Re8 Bxd4+ 41. Kh2 Bc5 0-1

[Event "Olympiad Women 2024"]
[Site "Budapest HUN"]
[Date "2024.09.12"]
[Round "2.22"]
[Board "4"]
[White "Ciolacu, Alessia-Mihaela"]
[Black "Wadifa, Ahmed"]
[Result "1/2-1/2"]
[WhiteElo "2160"]
[BlackElo "1988"]
[PlyCount "109"]
[EventDate "2024.09.11"]
[WhiteTeam "Romania"]
[BlackTeam "Bangladesh"]
[WhiteTeamCountry "ROU"]
[BlackTeamCountry "BAN"]

1. d4 d5 2. c4 e6 3. Nc3 Nf6 4. Nf3 Nbd7 5. Bf4 a6 6. cxd5 ({RR} 6. c5 Nh5 7. e3 Nxf4 8. exf4 g6 9. h4 h5 10. Bd3 c6 11. Qe2 Bg7 12. O-O O-O 13. Rac1 a5 14. Na4 b6 15. cxb6 Nxb6 16. Nc5 Qf6 17. g3 Nd7 18. Na4 Bb7 19. Ne5 Qe7 20. Nxd7 Qxd7 {½-½ Dizdar,G (2563)-Kovacevic,V (2505) CRO-chT1A 18th 2009 (6)}) ({RR} 6. c5 a5 7. h3 b6 8. Nb5 e5 9. Nxe5 Ba6 10. Nc6 Bxb5 11. Nxd8 Kxd8 12. e3 Bxf1 13. Kxf1 bxc5 14. dxc5 Bxc5 15. Rc1 Ra6 16. Be5 c6 17. Bxf6+ gxf6 18. e4 d4 19. Qb3 Ke7 20. Qb7 Rb6 {1-0 Yagupov,I (2290)-Castellanos Gomez,A (2282) Titled Tue 20th Feb Late 2024 (6)}) 6... exd5 7. e3 c6 8. h3 $146 ({RR} 8. Bd3 Be7 9. Qc2 O-O 10. h4 Re8 11. Ne5 Nf8 12. O-O-O Be6 13. Rdg1 c5 14. g4 cxd4 15. exd4 Rc8 16. Kb1 Qb6 17. Be3 Bb4 18. Qb3 Qa5 19. Ne2 Ne4 20. Nf3 Rc6 21. Ka1 Rb6 22. Qd1 Rc8 {0-1 John,W-Lee,F Ostend Masters 1907 (5)}) ({RR} 8. Bd3 Be7 9. Qc2 O-O 10. O-O Re8 11. Rab1 Nf8 12. b4 Ng6 13. Bg3 Nh5 14. a4 Nxg3 15. hxg3 a5 16. b5 Bd7 17. bxc6 Bxc6 18. Rfc1 Ba3 19. Rd1 Qd7 20. Bb5 Bb4 21. Qb3 Rec8 22. Bxc6 bxc6 {1-0 Agusto,O-Merqui,Y Olympiad-25 Luzern 1982 (6)}) 8... Be7 9. Bd3 O-O 10. Qc2 h6 11. Bh2 Ne8 12. O-O Bd6 13. Bxd6 Nxd6 14. b4 Nb6 15. a4 Qf6 16. Nd2 Bd7 17. Nb3 Nbc4 18. Nc5 Qe7 19. Rfe1 f5 20. b5 axb5 21. axb5 Rxa1 22. Rxa1 Nxb5 23. Nxb7 f4 24. Nxb5 cxb5 25. exf4 Rxf4 26. Nc5 Bc6 27. Nb3 Rf8 28. Nd2 Rxf2 29. Bxc4 Qe3 30. Nf1 Rxf1+ 31. Kxf1 dxc4 32. Rd1 Be4 33. Qf2 Bd3+ 34. Kg1 Qxf2+ 35. Kxf2 Kf7 36. Ke3 Ke6 37. Ra1 b4 38. Ra4 b3 39. Rb4 g6 40. Kd2 Kd5 41. Kc3 h5 42. Rb5+ Kc6 43. Rc5+ Kd6 44. Re5 Bf1 45. Rg5 Bd3 46. Ra5 Kc6 47. g3 Kd6 48. Rc5 Ke6 49. h4 Kd6 50. Rc8 Kd7 51. Rf8 Kd6 52. Rd8+ Ke7 53. Rb8 Kd6 54. Rd8+ Kc6 55. Rc8+ 1/2-1/2

[Event "Olympiad Women 2024"]
[Site "Budapest HUN"]
[Date "2024.09.12"]
[Round "2.23"]
[Board "1"]
[White "Tsolakidou, Stavroula"]
[Black "Pipiras, Filipa Fortuna"]
[Result "1/2-1/2"]
[WhiteElo "2444"]
[BlackElo "2187"]
[PlyCount "104"]
[EventDate "2024.09.11"]
[WhiteTeam "Greece"]
[BlackTeam "Portugal"]
[WhiteTeamCountry "GRE"]
[BlackTeamCountry "POR"]

1. e4 c5 2. Nf3 Nc6 3. d4 cxd4 4. Nxd4 Nf6 5. Nc3 e6 6. Ndb5 Bb4 7. a3 Bxc3+ 8. Nxc3 d5 9. exd5 exd5 10. Bd3 O-O 11. O-O d4 12. Ne2 Bg4 13. h3 Bxe2 ({RR} 13... Bh5 14. Qd2 Bg6 15. Bxg6 hxg6 16. Rd1 Re8 17. Ng3 Ne4 18. Nxe4 Rxe4 19. Qd3 Qd5 20. c4 Qe6 21. Bd2 a5 22. Re1 Rxe1+ 23. Rxe1 Qd6 24. Qe4 a4 25. Qd5 Qc7 26. h4 Qb6 27. Qb5 Qc7 28. Qd5 {0-1 Kravtsiv,M (2598)-Howell,D (2646) Titled Tuesday intern op 04th Jan blitz 2022 (10)}) 14. Bxe2 Qb6 ({RR} 14... Qd6 15. Re1 Rfe8 16. b4 a6 17. Bb2 Rad8 18. Bf1 Rxe1 19. Qxe1 b5 20. Rd1 Qe6 21. Qd2 Qa2 22. Qc1 Ne4 23. Re1 Nd6 24. Qf4 Qd5 25. Bd3 Nc4 26. Qh4 f5 27. Bc1 Rf8 28. Qg3 N6e5 29. Bxc4 {1-0 Narva,M (2399)-Rounaiv Rana (2099) Fagernes GM Open 2024 (5.24)}) 15. Qd3 Rfe8 16. Bf4 $146 ({RR} 16. Qb5 Qxb5 17. Bxb5 Rac8 18. Bf4 a6 19. Bd3 Ne5 20. Bxe5 Rxe5 21. Rfe1 Nd7 22. Re4 Rxe4 23. Bxe4 Nc5 24. Bf3 Ne6 25. Be4 Nc5 26. Bf5 Rc7 27. Rd1 g6 28. Bg4 h5 29. Bf3 Ne6 30. Rd2 Kg7 {1-0 Berg,E (2594)-Westerberg,J (2141) Norrkoeping Easter op 2010 (3)}) 16... a6 17. Rad1 Nd5 18. Bc1 Rad8 19. Rfe1 h6 20. Qg3 Qc7 21. Qxc7 Nxc7 22. Bf3 Ne6 23. b4 Re7 24. Bg4 Rf8 25. Bb2 Rd8 26. Re4 Kf8 27. Rde1 Nc7 28. Rxe7 Nxe7 29. Bf3 Nc6 30. Rd1 Ne6 31. g3 Ke7 32. Bg2 g5 33. Kf1 Rd7 34. Be4 Ne5 35. Bf5 Nc4 36. Bc1 b5 37. Re1 Kf6 38. Be4 Rc7 39. Kg2 a5 40. Rh1 axb4 41. axb4 Ra7 42. Bc6 Ra2 43. Bxb5 Rxc2 44. Ba4 Rc3 45. Rd1 Nb6 46. Bb5 Rb3 47. Bd2 Rb2 48. Kf3 Nd5 49. Bc4 Nc3 50. Bxc3 dxc3 51. Bxe6 Kxe6 52. Rc1 Rxb4 1/2-1/2

[Event "Olympiad Women 2024"]
[Site "Budapest HUN"]
[Date "2024.09.12"]
[Round "2.23"]
[Board "2"]
[White "Silva, Mariana"]
[Black "Avramidou, Anastasia"]
[Result "1/2-1/2"]
[WhiteElo "2005"]
[BlackElo "2290"]
[PlyCount "77"]
[EventDate "2024.09.11"]
[WhiteTeam "Portugal"]
[BlackTeam "Greece"]
[WhiteTeamCountry "POR"]
[BlackTeamCountry "GRE"]

1. d4 {Szabo,Krisztian} g6 2. c4 Bg7 3. Nf3 Nf6 4. Nc3 d6 5. g3 Bf5 6. Bg2 Ne4 ({RR} 6... c6) 7. Nd5 ({RR} 7. Nxe4 Bxe4 8. O-O O-O 9. Be3 c5 10. Qd2 Qb6 ({RR} 10... Nd7 11. Rad1 Qc7 12. dxc5 ({RR} 12. Bh6 Bxf3 13. Bxf3 cxd4 14. Bxg7 Kxg7 15. Qxd4+ Ne5 16. b3 Kg8 17. Bg2 a5) 12... Nxc5 13. Bh6 Rfd8 14. Bxg7 Kxg7 15. h4 Nd7 16. Qe3 Nf6) 11. Bh6 ({RR} 11. Rad1 Nc6 12. d5 Nb4 ({RR} 12... Bxf3 13. exf3 ({RR} 13. Bxf3 Ne5) 13... Nd4 14. Rfe1 Qa6 15. Bxd4 Bxd4 16. b3 Bf6) 13. a3 Nc2 14. Bh6 Bxh6 15. Qxh6 Bxf3 16. Bxf3 Nd4) 11... Bxh6 12. Qxh6 Bxf3 13. dxc5 Qxc5 ({RR} 13... dxc5 14. Bxf3 Nc6 15. Bxc6 ({RR} 15. b3 Nd4) 15... Qxc6) 14. Bxf3 Nc6 15. Rac1 a5 16. Rfd1 Qb6 17. Qd2 a4 18. h4 Ne5 19. h5 Rfc8 ({RR} 19... Ra5 20. hxg6 Nxf3+ 21. exf3 fxg6) 20. hxg6 hxg6 21. Kg2 Rxc4 {1-0 Lenic,L (2637)-Caruana,F (2782) EU-chT (Men) 19th 2013 (3.10)} ({RR} 21... Kg7 22. Rh1 Rh8) {RR} 22. Qh6 Rxc1 23. Rxc1 Nxf3 24. Rh1 Qxb2 25. Qh7+ Kf8 26. Qh8+ Qxh8 27. Rxh8+ Kg7 28. Rxa8) 7... c6 8. Ne3 Bc8 $146 ({RR} 8... Bd7 9. O-O f5 10. Nd2 Nxd2 11. Qxd2 e5 12. Nc2 O-O 13. b3 e4 14. Ba3 Qc7 15. f3 exf3 16. exf3 f4 17. Rae1 Bf5 18. d5 c5 19. gxf4 Qf7 20. Ne3 Nd7 21. Bb2 Rae8 22. Ng4 Rxe1 23. Rxe1 {½-½ De Saegher,C (2194)-Glek,I (2540) Haarlem op 2007 (4)}) ({RR} 8... Qa5+ 9. Kf1 Bc8 10. d5 Nf6 11. Bd2 Qb6 12. Bc3 c5 13. Qc2 O-O 14. h4 h5 15. Ng5 Qa6 16. Ne4 Nbd7 17. g4 Ne5 18. Bxe5 dxe5 19. gxh5 Nxe4 20. Bxe4 f5 21. Bg2 gxh5 22. Bh3 Qf6 23. Ng2 {0-1 Argueello Pitt,C (1994)-Sanroman Costas,M (2143) Madrid Chess Fest Open 2024 (8.16)}) ({RR} 8... Qa5+ 9. Kf1 Bc8 10. Qc2 f5 11. h4 h5 12. Ne1 Bxd4 13. Bxe4 Bxe3 14. Bxe3 fxe4 15. Qxe4 Bf5 16. Qd4 Rg8 17. Nf3 Nd7 18. Bg5 Nc5 19. Qe3 O-O-O 20. a3 Ne4 21. b4 Qb6 22. Qxb6 axb6 23. Bxe7 {½-½ Howell,D (2685)-Jones,G (2659) BCF-chT1c 1718 (4NCL) Promotion pool 2017 (11.11)}) 9. O-O O-O 10. Qd3 d5 11. b3 a5 12. Bb2 e6 13. Nd1 Na6 14. a3 a4 15. b4 Nd6 16. Nd2 Nc7 17. e4 dxe4 18. Nxe4 Nf5 19. d5 exd5 20. cxd5 cxd5 21. Bxg7 Nxg7 22. Nec3 Bf5 23. Qd2 d4 24. Ne2 Re8 25. Bxb7 Rb8 26. Bg2 Nb5 27. Nb2 d3 28. Nc1 Qd4 29. Ncxd3 Red8 30. Rfd1 Nc3 31. Rdc1 Rbc8 32. Bf1 Ne6 33. Qe3 Qxe3 34. fxe3 Ng5 35. Kf2 Nce4+ 36. Kg1 Nc3 37. Kf2 Nce4+ 38. Kg1 Nc3 39. Kf2 1/2-1/2

[Event "Olympiad Women 2024"]
[Site "Budapest HUN"]
[Date "2024.09.12"]
[Round "2.23"]
[Board "3"]
[White "Pavlidou, Ekaterini"]
[Black "Silva, Ana Ines Teixeira Da"]
[Result "1-0"]
[WhiteElo "2141"]
[BlackElo "1925"]
[PlyCount "93"]
[EventDate "2024.09.11"]
[WhiteTeam "Greece"]
[BlackTeam "Portugal"]
[WhiteTeamCountry "GRE"]
[BlackTeamCountry "POR"]

1. d4 d5 2. c4 e6 3. Nc3 Nf6 4. cxd5 exd5 5. Bg5 c6 6. e3 h6 7. Bh4 Be7 8. Bd3 O-O 9. Qc2 Re8 10. Nge2 Nbd7 11. O-O a5 12. a3 b5 ({RR} 12... Nh5 13. Bxe7 Qxe7 14. Rae1 Nf8 15. Nc1 Nf6 16. f3 Ne6 17. N1e2 c5 18. Bb5 Rd8 19. dxc5 Qxc5 20. Qd2 Bd7 21. Bxd7 Nxd7 22. Nd4 Nb6 23. Rd1 Nc4 24. Qf2 Rac8 25. Na4 Qe7 26. Rfe1 Qf6 27. Nb5 {½-½ Nepomniachtchi,I (2795)-Ding Liren (2788) WCh 2023 Astana KAZ (3.1)}) 13. Rfc1 $146 ({RR} 13. Rad1 Nb6 14. Rfe1 Nc4 15. a4 b4 16. Nb1 Nd6 17. Nd2 Ba6 18. Bxa6 Rxa6 19. Nb3 Nc4 20. Nd2 Nd6 21. Nb3 Nc4 22. Nd2 Nxd2 23. Rxd2 Ne4 24. Bxe7 Qxe7 25. Rd3 Rc8 26. Ng3 Nd6 27. b3 Qe6 {½-½ Sahil,T (2201)-Yuan,Q (2373) Titled Tuesday intern op 10th May Early blitz 2022 (3)}) ({RR} 13. Rfe1 Ba6 14. f3 b4 15. Bxa6 Rxa6 16. Na4 Nh5 17. Bf2 Bg5 18. f4 Be7 19. Qd3 Qa8 20. Qf5 Nhf6 21. Ng3 c5 22. dxc5 Nxc5 23. Nxc5 Bxc5 24. Qd3 Rae6 25. Nf5 Ne4 26. Nd4 Rg6 27. axb4 Bxb4 {0-1 Montano Vicente,G (1991)-Krzywda,A (2208) Titled Tue 2nd Jul Early 2024 (8)}) ({RR} 13. f3 Qb6 14. Kh1 Ba6 15. Bf2 c5 16. Bf5 Qc6 17. e4 dxe4 18. Nxe4 c4 19. Rfd1 Rad8 20. Qd2 b4 21. d5 Qb7 22. d6 Bf8 23. axb4 axb4 24. Ra4 c3 25. bxc3 Bxe2 26. Qxe2 bxc3 27. Ra7 Qb3 {1-0 Hudaverdieva,A-Gambarova,I AZE-ch U16 Girls 2003}) 13... Ba6 14. h3 Qb8 15. Bg3 Qb7 16. Bf5 Nb6 17. Nf4 Nc4 18. Nd3 g6 19. Bg4 Nxg4 20. hxg4 Qd7 21. Qd1 Bc8 22. b3 Nxa3 23. Ne5 Qe6 24. Ne2 Bb7 25. Nf4 Qf6 26. Nfd3 a4 27. Nd7 Qg7 28. N7c5 Bxc5 29. Nxc5 axb3 30. Qxb3 Bc8 31. Rxa3 Bxg4 32. Rca1 Rac8 33. Ra7 h5 34. Be5 Rxe5 35. dxe5 Qxe5 36. Ra8 Kg7 37. Nd3 Qf6 38. Qb4 Qg5 39. Qd4+ Kh7 40. Rxc8 Bxc8 41. Ra8 Qf5 42. Ne5 c5 43. Qxd5 Be6 44. Qxc5 b4 45. Qd4 Qf6 46. Nf3 Qxd4 47. Nxd4 1-0

[Event "Olympiad Women 2024"]
[Site "Budapest HUN"]
[Date "2024.09.12"]
[Round "2.23"]
[Board "4"]
[White "Duque, Raquel Dos Santos"]
[Black "Markantonaki, Haritomeni"]
[Result "0-1"]
[WhiteElo "1913"]
[BlackElo "2179"]
[PlyCount "120"]
[EventDate "2024.09.11"]
[WhiteTeam "Portugal"]
[BlackTeam "Greece"]
[WhiteTeamCountry "POR"]
[BlackTeamCountry "GRE"]

1. d4 Nf6 2. Nf3 e6 3. g3 d5 4. Bg2 b5 5. O-O Nbd7 6. Bg5 ({RR} 6. Nc3 b4 7. Na4 Be7 8. c4 bxc3 9. Nxc3 O-O 10. Bf4 Bb7 11. Nb5 c5 12. Bc7 Qc8 13. dxc5 Nxc5 14. Rc1 Ba6 15. Bd6 Bxd6 16. Nxd6 Qb8 17. Nxf7 Rxf7 18. Rxc5 Qxb2 19. Rc2 Qb6 20. Ne5 Rc7 {0-1 Sychev,K (2572)-Tomashevsky,E (2706) Titled Tuesday intern op 26th Jan blitz 2021 (7)}) 6... Be7 7. Qd3 ({RR} 7. a4 b4 8. c4 bxc3 9. Nxc3 O-O 10. Ne5 Nxe5 11. dxe5 Nd7 12. Bxe7 Qxe7 13. e4 c6 14. exd5 cxd5 15. Re1 Rb8 16. Nb5 Ba6 17. Nd4 Rxb2 18. Qc1 Rb6 19. Qc7 Qd8 20. Qxa7 Bc4 21. Qa5 Qb8 {0-1 Speelman,J (2492)-Maxwell,D (2124) UK Open Blitz Open Final 2023 (3.6)}) 7... a6 8. a4 $146 ({RR} 8. Nbd2 Bb7 9. Nb3 c5 10. Nxc5 Nxc5 11. dxc5 Bxc5 12. Nd4 O-O 13. c3 h6 14. Bxf6 Qxf6 15. Nb3 Bb6 16. a4 Bc6 17. a5 Ba7 18. Nd4 Bb7 19. e3 Rac8 20. Rfd1 Rc4 21. Nc2 Rd8 22. Qe2 g6 {0-1 Voiska,M (2339)-Cramling,P (2539) EU-ch (Women) 9th 2008 (4)}) ({RR} 8. Nbd2 Bb7 9. Nb3 c5 10. dxc5 Rc8 11. c3 h6 12. Be3 Ne4 13. Rad1 Ndxc5 14. Nxc5 Nxc5 15. Qb1 O-O 16. Bd4 a5 17. Nd2 f5 18. Bxc5 Bxc5 19. Nb3 Bb6 20. Nd4 Qd7 21. e3 b4 22. cxb4 axb4 {½-½ Cosma,I (2457)-Berescu,A (2489) ROM-chT Eforie Nord 2008 (2)}) 8... b4 9. c4 bxc3 10. bxc3 a5 11. Re1 O-O 12. Nbd2 Ba6 13. Qc2 c5 14. e4 Nxe4 15. Nxe4 dxe4 16. Bxe7 Qxe7 17. Qxe4 Nf6 18. Qe5 Qa7 19. Nd2 Rac8 20. Nb3 cxd4 21. cxd4 Rc3 22. Rab1 Bd3 23. Rec1 Rfc8 24. Nc5 Bxb1 25. Rxc3 Ba2 26. Ne4 Rxc3 27. Nxc3 Bb3 28. Qb5 Bc2 29. Qc4 Qb8 30. Qb5 Qxb5 31. axb5 Nd7 32. Bc6 Nb8 33. Kf1 Kf8 34. Ke2 Ke7 35. Kd2 Bb3 36. Ne4 Ba4 37. Nc5 Nxc6 38. Nxa4 Nxd4 39. b6 Kd6 40. Kc3 Nf3 41. Nc5 Ne5 42. b7 Kc7 43. Kb3 Nc6 44. Ka4 Nd8 45. b8=Q+ Kxb8 46. Ne4 Kc7 47. Kxa5 Kc6 48. Kb4 Kd5 49. f3 f5 50. Nd2 Kd4 51. Kb3 Kd3 52. Nc4 Nc6 53. f4 Nd4+ 54. Kb4 Nf3 55. h4 Nd4 56. Nd6 Ke3 57. Ne8 g6 58. Ng7 Ne2 59. h5 Nxg3 60. Nxe6 gxh5 0-1